000 00659nam a2200217Ia 4500
005 20250425162439.0
008 250425s9999 xx 000 0 und d
020 _a0939773244
041 _z
_heng
082 _a620.4162
_pRAN
100 _aRandall, Robert E.
245 0 _aElements Of Ocean Engineering
_cRobert E. Randall
250 _aPrimera Edición
260 _aNew Jersey
_bThe Society Of Naval Architects And Marine Engineers
_c1997
300 _a332 páginas
_bIlustrado
_c28.6 cm
500 _aTabla de contenido, apendices, índice
650 _aIngeniería Oceánica
902 _aMonográfico
_cImpreso
942 _c01
010 _a74575
999 _c229400
_d229400